| 000 | 00522nam a2200181 i 4500 | ||
|---|---|---|---|
| 001 | 64377 | ||
| 003 | ES-MaACL | ||
| 005 | 20251011063110.0 | ||
| 007 | t| | ||
| 008 | 031223s1901 it ||||1| ita d | ||
| 080 | _a821.131.1-31"18" | ||
| 100 | 1 |
_aFogazzaro, Antonio, _d1842-1911 _951409 |
|
| 245 | 1 | 0 |
_aPiccolo mondo moderno _b: romanzo / _cAntonio Fogazzaro. |
| 260 |
_aMilano : _b[s.n.], _c1901 ( _fTip. A. Lombardi) |
||
| 300 |
_a461 p. ; _c19 cm. |
||
| 852 |
_aES-MaACL _jF-10304 |
||
| 999 |
_c64377 _d64377 |
||